IN THE AFTERMATH OF FREEDOM (Record no. 4029)
[ view plain ]
| 000 -LEADER | |
|---|---|
| fixed length control field | 00283nam a22001217a 4500 |
| 082 ## - DEWEY DECIMAL CLASSIFICATION NUMBER | |
| Classification number | 821 |
| Item number | SRE/A |
| 100 ## - MAIN ENTRY--AUTHOR NAME | |
| Personal name | SREENIVASAN,V. K |
| 245 ## - TITLE STATEMENT | |
| Title | IN THE AFTERMATH OF FREEDOM |
| 260 ## - PUBLICATION, DISTRIBUTION, ETC. (IMPRINT) | |
| Place of publication | KOZHIKODE |
| Name of publisher | VARTHA SPANDANAM PUBLICATIONS |
| 300 ## - PHYSICAL DESCRIPTION | |
| Number of Pages | 35 |
| 650 ## - SUBJECT ADDED ENTRY--TOPICAL TERM | |
| Topical Term | POETRY |
| Geographic subdivision | KERALA |
| 942 ## - ADDED ENTRY ELEMENTS (KOHA) | |
| Koha item type | Books |
| Withdrawn status | Lost status | Collection code | Home library | Current library | Shelving location | Date acquired | Source of acquisition | Full call number | Accession Number | Koha item type |
|---|---|---|---|---|---|---|---|---|---|---|
| Non-fiction | Main Library | Main Library | SHELF-16D -ENGLISH GRAMMAR ,POEMS | 19/07/2019 | PURCHASE | 821 SRE/A | 11427 | Books |